<The> Counter-Revolution of Science Studies on the Abuse of Reason

Saved in:
Bibliographic Details
Main Author: Hayek, Friedrich August von
Format: Book
Language:English
Published: Indianapolis Liberty Press 1979
Edition:1. ed.
Subjects:
Tags: Add Tag
No Tags, Be the first to tag this record!

MARC

LEADER 00000nam a2200000 4500
001 c004660
005 20221220103148.3
020 |a 0-913966-67-3 
041 0 |a eng 
044 |a US 
245 1 0 |a <The> Counter-Revolution of Science  |b Studies on the Abuse of Reason  |c F.A. Hayek 
250 |a 1. ed. 
264 1 |a Indianapolis  |b Liberty Press  |c 1979 
300 |a 415 s. 
610 2 0 |a veda 
610 2 0 |a vedomie 
610 2 0 |a spoločnosť 
610 2 0 |a vedy prírodné 
610 2 0 |a vedy spoločenské 
610 2 0 |a individualizmus 
610 2 0 |a socializmus utopický 
610 2 0 |a sociológia 
100 1 |a Hayek, Friedrich August von